Využitie informačných technológií pri strategickom rozhodovaní
Možnosti využitia informačných technológií pri strategickom rozhodovaní. Význam informačných technológií pri určovaní strategickej ceny. Ľahšia realizácia platieb a optimalizácia príjmov a ziskov podniku. Internetový marketing. Konkurenčná výhody podnikov, ktoré využivajú IT pri rozhodovaní.
Enregistré dans:
| Auteur principal: | |
|---|---|
| Format: | Chapitre de livre |
| Langue: | slovaque |
| Sujets: | |
| Tags: |
Pas de tags, Soyez le premier à ajouter un tag!
|
MARC
| LEADER | 00000nla$a2200000$$$4500 | ||
|---|---|---|---|
| 001 | 0145263 | ||
| 005 | 20240502072618.9 | ||
| 041 | 0 | |a slo | |
| 044 | |a SK | ||
| 245 | 1 | 0 | |a Využitie informačných technológií pri strategickom rozhodovaní |c Branislav Zagoršek |
| 520 | |a Možnosti využitia informačných technológií pri strategickom rozhodovaní. Význam informačných technológií pri určovaní strategickej ceny. Ľahšia realizácia platieb a optimalizácia príjmov a ziskov podniku. Internetový marketing. Konkurenčná výhody podnikov, ktoré využivajú IT pri rozhodovaní. | ||
| 610 | 2 | 0 | |a rozhodovanie strategické |
| 610 | 2 | 0 | |a rozhodovanie manažérske |
| 610 | 2 | 0 | |a technológie informačné |
| 610 | 2 | 0 | |a technológie komunikačné |
| 610 | 2 | 0 | |a ceny |
| 610 | 2 | 0 | |a platby obchodné |
| 610 | 2 | 0 | |a spotreba |
| 610 | 2 | 0 | |a príjmy |
| 610 | 2 | 0 | |a zákazníci |
| 610 | 2 | 0 | |a marketing |
| 610 | 2 | 0 | |a výhody konkurenčné |
| 610 | 2 | 0 | |a firmy |
| 100 | 1 | |a Zagoršek, Branislav, 1984- | |